| 000 | 01178nam a2200301 a 4500 | ||
|---|---|---|---|
| 001 | 000024577 | ||
| 005 | 20250407133454.0 | ||
| 008 | 110131s1997 xxua r 000 | spa d | ||
| 020 | _a0821336827 | ||
| 040 |
_aDO-SdBNP _bspa _cBNPHU |
||
| 082 |
_a363.61 _bR621p |
||
| 100 | 1 |
_aRivera, Daniel, _d1958- _950394 |
|
| 245 | 1 | 4 |
_aParticipación privada en el sector de agua potable y saneamiento : _blecciones de seis países en desarrollo / _cDaniel Rivera; prólogo Sri-Ram Aiyer, Anthony Pellegrini. |
| 260 |
_aWashington, D.C., (Estados Unidos) : _bBanco Mundial, _c1997. |
||
| 300 |
_axiii, 101 p. : _bil. ; _c23 cm. |
||
| 490 | 1 | _aTendencias del Desarrolo. | |
| 504 | _aIncluye referencias bibliográficas | ||
| 650 | 4 |
_aCalidad del agua _xControl _950395 |
|
| 650 | 0 |
_aAbastecimiento de agua _911680 |
|
| 650 | 4 |
_aPurificación de agua _950396 |
|
| 650 | 4 |
_aConservación del agua _946464 |
|
| 650 | 4 |
_aDesarrollo de recursos hidrológicos _950397 |
|
| 700 | 1 |
_aSri-Ram Aiyer _epról. _950398 |
|
| 700 | 1 |
_aAnthony Pellegrini _epról. _950399 |
|
| 710 | 2 |
_aBanco Internacional de Reconstrucción y Fomento _915783 |
|
| 830 | 0 |
_aNueva Consciencia _948106 |
|
| 049 | _aBNGR | ||
| 999 |
_c24070 _d24070 |
||